Statistics for YoYo's Car Brand Quiz #1

Click here to take the quiz!

General Stats

  • This quiz has been taken 10 times
  • The average score is 9 of 10

Answer Stats

Answer% Correct
BMW
100%
Bugatti
100%
Kia
100%
Lexus
100%
Nissan
100%
Toyota
100%
Fiat
88%
Lamborghini
88%
Bentley
75%
Mustang
75%

Score Distribution

Percentile by Number Answered

Percent of People with Each Score

Your Score History

You have not taken this quiz